Veintiseis pintores, trece críticos (Record no. 6484)

MARC details
000 - LÍDER
campo de control de longitud fija 00909nam a2200193Ia 4500
008 - ELEMENTOS DE DATOS DE LONGITUD FIJA - INFORMACIÓN GENERAL
campo de control de longitud fija 0000001983 sp a 0000000000spa00
090 ## - NÚMERO DE LLAMADA DE TIPO LC LOCALMENTE ASIGNADO (OCLC)
Número de clasificación (OCLC) (R) PSP00 V23
245 10 - TÍTULO DECLARACIÓN
Título Veintiseis pintores, trece críticos
Resto del título : panorama de la joven pintura española
Declaración de responsabilidad / exposición organizada por la Obra Cultural de la Caja de Pensiones para la Vejez y de Ahorros de Cataluña y Baleares ; fotografias Javier Campano ... [et al.]
260 ## - PUBLICACIÓN, DISTRIBUCIÓN
Lugar de publicación Madrid : Obra Cultural de la Caja de Pensiones
Fecha de publicación 1983
300 ## - DESCRIPCIÓN FÍSICA
Alcance 111 p.
Dimensiones / 30 cm.
500 ## - NOTA GENERAL
Nota general Con el patronazgo del maestro venezolano Jesús Rafael Soto (q.e.p.d.)
650 14 - ENTRADA DE SUJETO AÑADIDO - TÉRMINO TÓPICO
Término tópico o elemento de entrada del nombre geográfico ARTE CONTEMPORANEO ESPAÑOL
650 14 - ENTRADA DE SUJETO AÑADIDO - TÉRMINO TÓPICO
Subdivisión general CATALOGOS
650 14 - ENTRADA DE SUJETO AÑADIDO - TÉRMINO TÓPICO
Subdivisión general EXPOSICIONES
650 14 - ENTRADA DE SUJETO AÑADIDO - TÉRMINO TÓPICO
Término tópico o elemento de entrada del nombre geográfico PINTORES ESPAÑOLES
650 14 - ENTRADA DE SUJETO AÑADIDO - TÉRMINO TÓPICO
Término tópico o elemento de entrada del nombre geográfico PINTURA ESPAÑOLA
700 1# - ENTRADA AGREGADA - NOMBRE PERSONAL
Nombre de la persona Campano, Javier
710 ## - ENTRADA AGREGADA - NOMBRE CORPORATIVO
Nombre corporativo o nombre de jurisdicción como elemento de entrada Obra Cultural de la Caja de Pensiones para la vejez y de Ahorros de Cataluña y Baleares
Holdings
Estado de retirada Pérdida de estatus Estado dañado No para préstamo Código de recogida Ubicación permanente Ubicación actual Ubicación de las estanterías Fecha de adquisición Número de llamada completo Código de barras Fecha de la última vez que se vio Número de copia Precio efectivo desde Tipo de artículo Koha
        General ArtNexus ArtNexus General 06/09/2022 P-SP-00 V23 6488 06/09/2022 Ej.1 06/09/2022 Libro

Powered by Koha